| 000 | 01253nam a2200313 a 4500 | ||
|---|---|---|---|
| 001 | 80494 | ||
| 003 | BD-RjUL | ||
| 005 | 20221010102342.0 | ||
| 008 | 221010r19241980enkar r 0 a0eng d | ||
| 020 | _a0900755318 | ||
| 035 | _a(BD-RjUL)80494 | ||
| 040 |
_aCtY _cCtY _dOCoLC _dDLC _dMH _dBD-RjUL _beng |
||
| 041 | _aeng | ||
| 082 |
_223 _a370.942 _bSCH 1980 |
||
| 245 | 0 | 0 |
_aSchools / _cTruman & Knightley Educational Trust. |
| 250 | _a57th ed. | ||
| 260 |
_aLondon : _bTruman & Knightley, Ltd., _c1980. |
||
| 300 |
_a741p. : _bill. ; _c21 cm. |
||
| 500 | _a"The most complete directory of schools in Great Britain, arranged in order of counties. With a supplementary list of schools on the Continent receiving English and American pupils". | ||
| 550 | _aVols. for <1964>-1985 issued by The Truman & Knightley Educational Trust. | ||
| 650 | 0 |
_aEducation _zGreat Britain _vDirectories. _95137 |
|
| 650 | 0 |
_aPrivate schools _zGreat Britain _vDirectories. _95138 |
|
| 650 | 0 |
_aEndowed public schools (Great Britain) _vDirectories. _95139 |
|
| 650 | 0 |
_aPrivate schools _zIreland _vDirectories. _95140 |
|
| 650 | 0 |
_aEducation _zIreland _vDirectories. _95141 |
|
| 710 | 2 |
_aTruman & Knightley Educational Trust. _95142 |
|
| 942 |
_2ddc _cBK |
||
| 999 |
_c80494 _d80494 |
||